Физиологический анализ некоторых форм поведения животного в условиях близких к естественным

Bibliografski detalji
Glavni autor: Сыренский В. И.
Autor kompanije: Академия медицинских наук СССР (АМН СССР)
Jezik:ruski
Izdano: Москва, Медицина, 1967
Teme:
Format: Knjiga
KOHA link:https://koha.lib.tpu.ru/cgi-bin/koha/opac-detail.pl?biblionumber=299401

MARC

LEADER 00000nam0a2200000 4500
001 299401
005 20231102001211.0
035 |a (RuTPU)RU\TPU\book\324553 
090 |a 299401 
100 |a 20150629d1967 k y0rusy50 ca 
101 0 |a rus 
102 |a RU 
105 |a a z 001zy 
200 1 |a Физиологический анализ некоторых форм поведения животного в условиях близких к естественным  |f В. И. Сыренский  |g Академия медицинских наук СССР (АМН СССР) 
210 |a Москва  |c Медицина  |d 1967 
215 |a 204 с.  |c ил. 
320 |a Библиогр.: с. 196-202. 
606 1 |a Животные  |x Поведение  |2 stltpush  |3 (RuTPU)RU\TPU\subj\10852  |9 37866 
610 1 |a пространство 
610 1 |a время 
610 1 |a условные рефлексы 
610 1 |a раздражители 
610 1 |a поведение 
675 |a 591.5  |v 4 
700 1 |a Сыренский  |b В. И. 
712 0 2 |a Академия медицинских наук СССР (АМН СССР)  |2 stltpush  |3 (RuTPU)RU\TPU\col\6122 
801 1 |a RU  |b 63413507  |c 20150629 
801 2 |a RU  |b 63413507  |c 20150629  |g RCR 
942 |c BK